Élimination par catégorie - Villes de France n°3 - Statistiques

Statistiques générales
  • Ce quiz a été pris 782 fois
  • Le résultat moyen est 16 sur 20
Statistiques - réponses
Groupe # Catégorie % Correct
Vert 33 Ville d'Occitanie et de Nouvelle -Aquitaine de plus de 30 000 habitants
97%
Bleu 19 Ville avec une gare accueillant plus de 5 M passagers en 2022 hors région parisienne
97%
Orange 43 Ville qui accueille plus de 8 000 étudiants (supérieur) par en 2024
96%
Bleu 14 ... qui ne termine pas par la lettre -E
95%
Orange 19 ... contenant la lettre O
94%
Orange 16 ... à l'Est du Méridien de Greenwich
93%
Violet 26 Ville de la région PACA de plus de 30 000 habitants mais pas Nice ni Marseille
92%
Orange 7 ... est arrosé par un fleuve
91%
Orange 1 ... sur son pont, on y danse tous en rond Avignon
88%
Violet 17 ... ni dans le département des Bouches-du-Rhône
86%
Bleu 7 ... sans la lettre -O
85%
Vert 21 ... mais de moins de 100 000 et en uniquement en Nouvelle Aquitaine
82%
Bleu 3 ... située en région Pays de la Loire
77%
Violet 6 ... mais dans le département des Alpes-Maritimes
75%
Violet 3 ... n'ayant pas la lettre C et A qui se suivent dans son nom
56%
Bleu 1 ... mais pas dans le département du 44, ni dans le département du 72 Angers
54%
Vert 5 ... située à moins de 15 km de Bordeaux
53%
Vert 3 ...ne commence ni par un T, ni S, ni V
52%
Violet 1 ... est aussi une partie du corps humain Menton
44%
Vert 1 ... s'y trouve le 8ème aéroport de France Mérignac
43%
Aucun quiz correspondant
Distribution des résultats
% des personnes avec chaque résultat
Percentile par nombre de réponses
Votre historique - résultats
Vous n’avez pas pris ce quiz